Soccer and the return of argentine politics /

Uloženo v:
Podrobná bibliografie
Hlavní autor: Alabarces, Pablo
Médium: Text
Témata:
Tagy: Přidat tag
Žádné tagy, Buďte první, kdo vytvoří štítek k tomuto záznamu!

MARC

LEADER 00000 a a2200000 04500
001 10004
003
040
100 |a Alabarces, Pablo  
245 |a Soccer and the return of argentine politics /  |c Pablo Alabarces 
650 |a DEPORTES  
650 |a SOCIEDAD  
650 |a CONDICIONES ECONOMICAS  
650 |a ASPECTOS POLITICOS  
650 |a ESTABILIDAD POLITICA  
650 |a ARGENTINA  
773 |g volumen 37, número 5; páginas 33-37  
999 |c 33028  |d 33028